| 000 | 00713nam a2200205 a 4500 | ||
|---|---|---|---|
| 005 | 20260417064127.0 | ||
| 008 | 991125s1897 mx 000 0 spa u | ||
| 035 | _aUPN01000007202 | ||
| 049 | _aLT | ||
| 050 | 4 |
_aLB1589 M6 _bC3.3 |
|
| 100 | 1 | _aCalleja, Carlos M. | |
| 245 | 1 | 0 |
_aCatecismo de aritmética comercial / _cCarlos M. Calleja. |
| 260 |
_aMéxico : _bGallegos, Hnos., _c1897. |
||
| 300 | _a125 p. | ||
| 500 | _aA la cabeza de la portada: Nuevo Urcullu | ||
| 500 | _a"Edición especial para la Dirección de Instrucción Pública del Estado de Jalisco" | ||
| 650 | 4 |
_aAritmética _xEstudio y enseñanza (Elemental) _95289 |
|
| 650 | 4 |
_aCálculo _xEstudio y enseñanza (Elemental) _94514 |
|
| 905 | _aLibro | ||
| 999 |
_c7202 _d7202 |
||